| 000 | 00352nam a2200157Ia 4500 | ||
|---|---|---|---|
| 001 | 4475 | ||
| 003 | IN-NITTTR | ||
| 005 | 20251114233000.0 | ||
| 008 | 251113s9999||||xx |||||||||||||| ||eng|| | ||
| 040 | _beng | ||
| 040 | _cIN-NITTTR | ||
| 041 | _aeng | ||
| 082 | _a651.75 G94 | ||
| 245 | 2 | _aA guide to the writing of business letters / | |
| 942 |
_2ddc _cBK |
||
| 999 |
_c7111 _d7111 |
||